000 00273nam a2200109Ia 4500
001 1262220
005 20260417140407.0
008 260417s9999 xx 000 0 und d
020 _a9786050824247
245 0 _aKayıp Sır
_cOkay Tiryakioğlu
260 _bTimaş Yayınları
999 _c1262220
_d1262220